Sports Quiz

Random Sports Quiz

Tennis-Men's Grand Slam Finals from 2000 Onwards Quiz Stats

Quiz not verified by Sporcle

Challenge
Share
Tweet
Embed
Score 0/144 Timer 17:00
0 Plays Today
Hint Answer % Correct
Wimbledon 2003Roger Federer
99.2%
Australian Open 2004Roger Federer
99.2%
Wimbledon 2004Roger Federer
99.2%
U.S Open 2004Roger Federer
99.2%
Wimbledon 2005Roger Federer
99.2%
U.S Open 2005Roger Federer
99.2%
Australian Open 2006Roger Federer
99.2%
French Open 2006Roger Federer
99.2%
Wimbledon 2006Roger Federer
99.2%
U.S Open 2006Roger Federer
99.2%
Australian Open 2007Roger Federer
99.2%
French Open 2007Roger Federer
99.2%
Wimbledon 2007Roger Federer
99.2%
U.S Open 2007Roger Federer
99.2%
French Open 2008Roger Federer
99.2%
Wimbledon 2008Roger Federer
99.2%
U.S Open 2008Roger Federer
99.2%
Australian Open 2009Roger Federer
99.2%
French Open 2009Roger Federer
99.2%
Wimbledon 2009Roger Federer
99.2%
U.S Open 2009Roger Federer
99.2%
Australian Open 2010Roger Federer
99.2%
French Open 2011Roger Federer
99.2%
Wimbledon 2012Roger Federer
99.2%
Wimbledon 2014Roger Federer
99.2%
French Open 2005Rafael Nadal
98.8%
French Open 2006Rafael Nadal
98.8%
Wimbledon 2006Rafael Nadal
98.8%
French Open 2007Rafael Nadal
98.8%
Wimbledon 2007Rafael Nadal
98.8%
French Open 2008Rafael Nadal
98.8%
Wimbledon 2008Rafael Nadal
98.8%
Australian Open 2009Rafael Nadal
98.8%
French Open 2010Rafael Nadal
98.8%
Wimbledon 2010Rafael Nadal
98.8%
U.S Open 2010Rafael Nadal
98.8%
French Open 2011Rafael Nadal
98.8%
Wimbledon 2011Rafael Nadal
98.8%
U.S Open 2011Rafael Nadal
98.8%
Australian Open 2012Rafael Nadal
98.8%
French Open 2012Rafael Nadal
98.8%
French Open 2013Rafael Nadal
98.8%
U.S Open 2013Rafael Nadal
98.8%
Australian Open 2014Rafael Nadal
98.8%
French Open 2014Rafael Nadal
98.8%
French Open 2016Novak Djokovic
98.7%
French Open 2016Andy Murray
98.7%
Australian Open 2015Novak Djokovic
98.7%
Hint Answer % Correct
Australian Open 2015Andy Murray
98.7%
Wimbledon 2016Andy Murray
98.6%
French Open 2015Novak Djokovic
98.5%
U.S Open 2016Stanislas Wawrinka
98.5%
U.S Open 2016Novak Djokovic
98.5%
U.S Open 2007Novak Djokovic
98.5%
Australian Open 2008Novak Djokovic
98.5%
U.S Open 2010Novak Djokovic
98.5%
Australian Open 2011Novak Djokovic
98.5%
Wimbledon 2011Novak Djokovic
98.5%
U.S Open 2011Novak Djokovic
98.5%
Australian Open 2012Novak Djokovic
98.5%
French Open 2012Novak Djokovic
98.5%
U.S Open 2012Novak Djokovic
98.5%
Australian Open 2013Novak Djokovic
98.5%
Wimbledon 2013Novak Djokovic
98.5%
U.S Open 2013Novak Djokovic
98.5%
French Open 2014Novak Djokovic
98.5%
Wimbledon 2014Novak Djokovic
98.5%
Wimbledon 2015Novak Djokovic
98.4%
Wimbledon 2015Roger Federer
98.4%
U.S Open 2015Novak Djokovic
98.2%
U.S Open 2015Roger Federer
98.2%
U.S Open 2008Andy Murray
98.1%
Australian Open 2010Andy Murray
98.1%
Australian Open 2011Andy Murray
98.1%
Wimbledon 2012Andy Murray
98.1%
U.S Open 2012Andy Murray
98.1%
Australian Open 2013Andy Murray
98.1%
Wimbledon 2013Andy Murray
98.1%
Australian Open 2016Novak Djokovic
97.8%
Australian Open 2016Andy Murray
97.8%
Australian Open 2017Roger Federer
97.8%
Australian Open 2017Rafael Nadal
97.8%
French Open 2017Rafael Nadal
97.2%
French Open 2017Stanislas Wawrinka
97.2%
French Open 2015Stanislas Wawrinka
97%
Australian Open 2000Andre Agassi
96.5%
Australian Open 2001Andre Agassi
96.5%
U.S Open 2002Andre Agassi
96.5%
Australian Open 2003Andre Agassi
96.5%
U.S Open 2005Andre Agassi
96.5%
Wimbledon 2017Roger Federer
96.4%
Wimbledon 2000Pete Sampras
95.8%
U.S Open 2000Pete Sampras
95.8%
U.S Open 2001Pete Sampras
95.8%
U.S Open 2002Pete Sampras
95.8%
U.S Open 2014Marin Cilic
95.6%
Hint Answer % Correct
U.S Open 2003Andy Roddick
95.4%
Wimbledon 2004Andy Roddick
95.4%
Wimbledon 2005Andy Roddick
95.4%
U.S Open 2006Andy Roddick
95.4%
Wimbledon 2009Andy Roddick
95.4%
U.S Open 2017Rafael Nadal
94.7%
Wimbledon 2016Milos Raonic
94.5%
U.S Open 2000Marat Safin
93.4%
Australian Open 2004Marat Safin
93.4%
Australian Open 2005Marat Safin
93.4%
Australian Open 2002Marat Safin
93.4%
Wimbledon 2017Marin Cilic
92.9%
U.S Open 2014Kei Nishikori
92.2%
U.S Open 2001Lleyton Hewitt
91.9%
Wimbledon 2002Lleyton Hewitt
91.9%
U.S Open 2004Lleyton Hewitt
91.9%
Australian Open 2005Lleyton Hewitt
91.9%
U.S Open 2009Juan Martin Del Potro
91.1%
Australian Open 2014Stanislas Wawrinka
91.1%
U.S Open 2017Kevin Anderson
89.5%
French Open 2009Robin Soderling
89.2%
French Open 2010Robin Soderling
89.2%
French Open 2000Gustavo Kuerten
87.6%
French Open 2001Gustavo Kuerten
87.6%
French Open 2013David Ferrer
87.3%
Wimbledon 2001Goran Ivanisevic
86.5%
French Open 2002Juan Carlos Ferrero
84.9%
French Open 2003Juan Carlos Ferrero
84.9%
U.S Open 2003Juan Carlos Ferrero
84.9%
Wimbledon 2010Tomas Berdych
84.2%
Australian Open 2008Jo Wilfried Tsonga
83%
Wimbledon 2000Patrick Rafter
81.5%
Wimbledon 2001Patrick Rafter
81.5%
Wimbledon 2002David Nalbandian
78.8%
French Open 2004Gaston Gaudio
77.2%
Wimbledon 2003Mark Philippoussis
75.3%
Australian Open 2006Marcos Baghdatis
74.9%
Australian Open 2002Thomas Johansson
74.4%
French Open 2004Guillermo Coria
73.7%
French Open 2002Albert Costa
72.6%
Australian Open 2000Yevgeny Kafelnikov
71.8%
Australian Open 2007Fernando Gonzalez
71.8%
French Open 2001Alex Corretja
67.2%
French Open 2005Mariano Puerta
66.4%
French Open 2000Magnus Norman
64.9%
Australian Open 2003Rainer Schuettler
63.3%
Australian Open 2001Arnaud Clement
62.9%
French Open 2003Martin Verkerk
59.5%

You're not logged in!

Compare scores with friends on all Sporcle quizzes.
Sign Up with Email
OR
Log In

You Might Also Like...

Show Comments

Extras

Top Quizzes Today


Score Distribution

Your Account Isn't Verified!

In order to create a playlist on Sporcle, you need to verify the email address you used during registration. Go to your Sporcle Settings to finish the process.